Kinder und Jugendliche auf der Straße: Analysen, Strategien, Lösungsansätze
| Contributors: | |
|---|---|
| Format: | Print Book |
| Language: | German |
| Published: |
Münster
Votum
[1998]
|
| In: | Year: 1998 |
| Online Access: |
Table of Contents |
| Availability in Tübingen: | Present in Tübingen. IFK: D V 42:2 IFK: D V 42:1 |
| Check availability: | HBZ Gateway |
| Subito Delivery Service: | Order now. |
| Keywords: |
MARC
| LEADER | 00000cam a2200000 c 4500 | ||
|---|---|---|---|
| 001 | 163345696X | ||
| 003 | DE-627 | ||
| 005 | 20251129021959.0 | ||
| 007 | tu | ||
| 008 | 981130s1998 gw ||||| 00| ||ger c | ||
| 015 | |a 98,N50,0436 |2 dnb | ||
| 015 | |a 99,A28,0235 |2 dnb | ||
| 016 | 7 | |a 955156912 |2 DE-101 | |
| 020 | |a 3933158095 |c (brosch.) |9 3-933158-09-5 | ||
| 035 | |a (DE-627)163345696X | ||
| 035 | |a (DE-576)071853200 | ||
| 035 | |a (DE-599)DNB955156912 | ||
| 035 | |a (OCoLC)259997245 | ||
| 035 | |a (OCoLC)53334019 | ||
| 035 | |a (AT-OBV)AC02536778 | ||
| 040 | |a DE-627 |b ger |c DE-627 |e rda | ||
| 041 | |a ger | ||
| 044 | |c XA-DE | ||
| 084 | |a 14 |2 sdnb | ||
| 084 | |a DS 7170 |2 rvk |0 (DE-625)rvk/19961: | ||
| 084 | |a MS 3800 |2 rvk |0 (DE-625)rvk/123688: | ||
| 084 | |a 71.35 |2 bkl | ||
| 084 | |a 79.16 |2 bkl | ||
| 084 | |a 79.21 |2 bkl | ||
| 245 | 0 | 0 | |a Kinder und Jugendliche auf der Straße |b Analysen, Strategien, Lösungsansätze |c Peter Hansbauer (Hg.) |
| 264 | 1 | |a Münster |b Votum |c [1998] | |
| 264 | 4 | |c © 1998 | |
| 300 | |a 344 Seiten |b Diagramme |c 24 cm | ||
| 336 | |a Text |b txt |2 rdacontent | ||
| 337 | |a ohne Hilfsmittel zu benutzen |b n |2 rdamedia | ||
| 338 | |a Band |b nc |2 rdacarrier | ||
| 500 | |a Literaturverzeichnis: Seite 302-314 | ||
| 655 | 7 | |a Aufsatzsammlung |0 (DE-588)4143413-4 |0 (DE-627)105605727 |0 (DE-576)209726091 |2 gnd-content | |
| 689 | 0 | 0 | |d s |0 (DE-588)4030550-8 |0 (DE-627)104360100 |0 (DE-576)208988165 |a Kind |2 gnd |
| 689 | 0 | 1 | |d s |0 (DE-588)4042870-9 |0 (DE-627)106212338 |0 (DE-576)209052848 |a Obdachlosigkeit |2 gnd |
| 689 | 0 | 2 | |d s |0 (DE-588)4162839-1 |0 (DE-627)105459259 |0 (DE-576)209876573 |a Jugendhilfeplanung |2 gnd |
| 689 | 0 | |5 DE-101 | |
| 689 | 1 | 0 | |d s |0 (DE-588)4030550-8 |0 (DE-627)104360100 |0 (DE-576)208988165 |a Kind |2 gnd |
| 689 | 1 | 1 | |d s |0 (DE-588)4042870-9 |0 (DE-627)106212338 |0 (DE-576)209052848 |a Obdachlosigkeit |2 gnd |
| 689 | 1 | 2 | |d s |0 (DE-588)4055864-2 |0 (DE-627)104522909 |0 (DE-576)209115696 |a Sozialpädagogik |2 gnd |
| 689 | 1 | |5 DE-101 | |
| 700 | 1 | |a Hansbauer, Peter |d 1964- |e HerausgeberIn |0 (DE-588)121111784 |0 (DE-627)081094337 |0 (DE-576)179593412 |4 edt | |
| 856 | 4 | 2 | |u http://www.gbv.de/dms/hebis-darmstadt/toc/60690895.pdf |m V:DE-603 |m B:DE-17 |q pdf/application |x Verlag |y Inhaltsverzeichnis |3 Inhaltsverzeichnis |7 1 |
| 889 | |w (DE-627)25190735X | ||
| 935 | |i mdedup | ||
| 936 | r | v | |a DS 7170 |b Betreuung verwahrloster Jugendlicher, Resozialisierung Jugendlicher, Betreuung sexuell missbrauchter Jugendlicher und Kinder |k Pädagogik |k Sozialpädagogik, Sozialarbeit |k Berufsfelder |k Jugendhilfe |k Betreuung verwahrloster Jugendlicher, Resozialisierung Jugendlicher, Betreuung sexuell missbrauchter Jugendlicher und Kinder |0 (DE-627)1270710265 |0 (DE-625)rvk/19961: |0 (DE-576)200710265 |
| 936 | r | v | |a MS 3800 |b Obdachlosigkeit, Wohnungslosigkeit |k Soziologie |k Spezielle Soziologien |k Soziologie der Minoritäten und Randgruppen |k Obdachlosigkeit, Wohnungslosigkeit |0 (DE-627)1270711245 |0 (DE-625)rvk/123688: |0 (DE-576)200711245 |
| 936 | b | k | |a 71.35 |j Kindersoziologie |j Jugendsoziologie |0 (DE-627)106412698 |
| 936 | b | k | |a 79.16 |j Jugendhilfe |x Sozialarbeit |0 (DE-627)106412930 |
| 936 | b | k | |a 79.21 |j Obdachlosenhilfe |0 (DE-627)106416200 |
| 951 | |a BO | ||
| ELC | |b 1 | ||
| LOK | |0 000 xxxxxcx a22 zn 4500 | ||
| LOK | |0 001 3287074733 | ||
| LOK | |0 003 DE-627 | ||
| LOK | |0 004 163345696X | ||
| LOK | |0 005 20250617132703 | ||
| LOK | |0 008 020402||||||||||||||||ger||||||| | ||
| LOK | |0 040 |a DE-21-110 |c DE-627 |d DE-21-110 | ||
| LOK | |0 852 |a DE-21-110 | ||
| LOK | |0 852 1 |c D V 42:1 |m p |9 00 | ||
| LOK | |0 935 |a k110 | ||
| LOK | |0 936ln |a 9.3.3 | ||
| LOK | |0 938 |k p | ||
| LOK | |0 939 |a 02-04-02 |b l01 | ||
| LOK | |0 000 xxxxxcx a22 zn 4500 | ||
| LOK | |0 001 328707475X | ||
| LOK | |0 003 DE-627 | ||
| LOK | |0 004 163345696X | ||
| LOK | |0 005 20250617132703 | ||
| LOK | |0 008 020625||||||||||||||||ger||||||| | ||
| LOK | |0 040 |a DE-21-110 |c DE-627 |d DE-21-110 | ||
| LOK | |0 852 |a DE-21-110 | ||
| LOK | |0 852 1 |c D V 42:2 |m p |9 00 | ||
| LOK | |0 935 |a k110 | ||
| LOK | |0 936ln |a 9.3.3 | ||
| LOK | |0 938 |k p | ||
| LOK | |0 939 |a 25-06-02 |b l02 | ||
| ORI | |a SA-MARC-krimdoka001.raw | ||
| SIG | |a IFK: D V 42:2 | ||
| SIG | |a IFK: D V 42:1 | ||
